00917nam a2200193Ia 450000500170000000800410001702000500005805000190010810000300012724500770015725000120023426000340024630000180028033700100029833800140030850000950032250502770041765000290069420231102151430.0121028s2012 xx f 000 0 esp d a970-07-5241-0 \ 970-07-5786-2\ 970-07-6582-2 aJC271 P67 200410aPORRUA Pérez, Francisco10aTeoría del Estado : teoría política c/ Francisco Porrúa Pérez a38a ed. aMéxico b: Porrúac, 2004 a531 páginas atexto asin medio aLa biblioteca cuenta también con la 39a ed. Incluye índice Licenciatura Max 14 004663 aPrólogo Cap. 1. Objeto de la teoría del Estado Cap. 2. La teoría del Estado como ciencia política Cap. 3. Desarrollo de la ciencia política I Cap. 4. Desarrollo histórico de la ciencia política II Cap. 5. Desarrollo histórico de la ciencia política I10aESTADOyCIENCIA POLITICA